Introduccin̤ al derecho del deporte

Detalles Bibliográficos
Formato: Desconocido
Lenguaje:español
Publicado: Madrid : Dykinson, 2009
Edición:2. ed.
Materias:
Acceso en línea:Acceso restringido

MARC

LEADER 00000ny a22000003n 4500
005 20110524102846.0
008 090424s2009 sp 000 0 spa d
020 |a 9788498494280 
035 |a 4741 
040 |a BUS  |d vLex 
080 |a 351.855.3:796(460)(075.8) 
090 |c 187  |d 187 
245 0 0 |a Introduccin̤ al derecho del deporte  |h [Recurso electrn̤ico]  |c Juliǹ Espartero Casado 
250 |a 2. ed.  
256 |a Servicio en ln̕ea 
260 |a Madrid :  |b Dykinson,  |c 2009 
506 1 |a Contenido solo disponible en los productos indicados  |d vLex Global  |d vLex Global (Academic Edition, excluding Law Schools)  |d vLex Global (U.S. Academic Edition, Law Schools)  |d vLex Global (U.S. Academic Edition, excluding Law Schools)  |d vLex Global (Academic Edition, Law Schools) 
650 0 4 |a Deportes  |x Derecho  |z Espaą 
740 0 |a vLex Libros (Servicios en ln̕ea) 
856 4 0 |u http://vlex.com/source/4741  |z Acceso restringido 
942 |c BOOK 
999 0 |a Sports  |b Madrid 
999 0 |a Law   |b Madrid